<?xml version="1.0" encoding="UTF-8"?><?xml-stylesheet type="text/xsl" href="static/style.xsl"?><OAI-PMH xmlns="http://www.openarchives.org/OAI/2.0/" xmlns:xsi="http://www.w3.org/2001/XMLSchema-instance" xsi:schemaLocation="http://www.openarchives.org/OAI/2.0/ http://www.openarchives.org/OAI/2.0/OAI-PMH.xsd"><responseDate>2026-04-13T06:52:07Z</responseDate><request verb="GetRecord" identifier="oai:www.recercat.cat:2117/346411" metadataPrefix="marc">https://recercat.cat/oai/request</request><GetRecord><record><header><identifier>oai:recercat.cat:2117/346411</identifier><datestamp>2025-07-22T15:06:30Z</datestamp><setSpec>com_2072_1033</setSpec><setSpec>col_2072_452951</setSpec></header><metadata><record xmlns="http://www.loc.gov/MARC21/slim" xmlns:dcterms="http://purl.org/dc/terms/" xmlns:xsi="http://www.w3.org/2001/XMLSchema-instance" xmlns:doc="http://www.lyncode.com/xoai" xsi:schemaLocation="http://www.loc.gov/MARC21/slim http://www.loc.gov/standards/marcxml/schema/MARC21slim.xsd">
   <leader>00925njm 22002777a 4500</leader>
   <datafield ind2=" " ind1=" " tag="042">
      <subfield code="a">dc</subfield>
   </datafield>
   <datafield ind2=" " ind1=" " tag="720">
      <subfield code="a">De Zatarain Dachs, Arántzazu</subfield>
      <subfield code="e">author</subfield>
   </datafield>
   <datafield ind2=" " ind1=" " tag="260">
      <subfield code="c">2007</subfield>
   </datafield>
   <datafield ind2=" " ind1=" " tag="520">
      <subfield code="a">El Código Técnico de la Edificación entró en vigor en marzo del 2006, equiparando el marco legal del sector de la construcción en España al de los países más desarrollados, así como integrando una serie de novedades y mejoras respecto a las antiguas normativas que quedan derogadas a partir de este momento.&#xd;
Este proyecto final de carrera nace con la idea de profundizar en uno de los artículos del CTE, en concreto en el artículo 12: Exigencias básicas de seguridad de utilización, ya que está directamente relacionado con la línea de intensificación de la carrera de arquitectura técnica que escogí en su momento: Línea D – prevención de riesgos laborales.&#xd;
Al ser una normativa tan reciente, hay un gran desconocimiento al respecto y se ha pretendido acercar un poco más a todas las personas del sector de la construcción y a cualquiera que le pueda interesar el Código Técnico de la Edificación, más conocido por CTE, debido al interés que tiene.</subfield>
   </datafield>
   <datafield tag="653" ind2=" " ind1=" ">
      <subfield code="a">Àrees temàtiques de la UPC::Edificació::Seguretat en la construcció</subfield>
   </datafield>
   <datafield tag="653" ind2=" " ind1=" ">
      <subfield code="a">Building -- Standards</subfield>
   </datafield>
   <datafield tag="653" ind2=" " ind1=" ">
      <subfield code="a">College buildings</subfield>
   </datafield>
   <datafield tag="653" ind2=" " ind1=" ">
      <subfield code="a">Edificis universitaris</subfield>
   </datafield>
   <datafield tag="653" ind2=" " ind1=" ">
      <subfield code="a">Escola Politècnica Superior d'Edificació de Barcelona</subfield>
   </datafield>
   <datafield tag="653" ind2=" " ind1=" ">
      <subfield code="a">CampusLab</subfield>
   </datafield>
   <datafield tag="653" ind2=" " ind1=" ">
      <subfield code="a">Escola Politècnica Superior d'Edificació de Barcelona -- Edificis</subfield>
   </datafield>
   <datafield tag="653" ind2=" " ind1=" ">
      <subfield code="a">Construcció -- Dret i legislació -- Espanya</subfield>
   </datafield>
   <datafield ind2="0" ind1="0" tag="245">
      <subfield code="a">Estudio comparativo de adecuación del edificio EPSEB a las exigencias básicas de seguridad de utilización del nuevo Código Técnico de la Edificación</subfield>
   </datafield>
</record></metadata></record></GetRecord></OAI-PMH>